000 00563cam a22002053a 4500
001 44755
003 PGUSA
005 20140828084025.0
008 140126s2014||||xxu|||||s|||||000 | eng d
040 _aPGUSA
_beng
042 _adc
100 1 _aShaw, Donald
245 1 0 _aEighteen Months' Imprisonment
_h[electronic resource] /
_cDonald Shaw
260 _bProject Gutenberg,
_c2014
506 _aPublic domain in the USA.
516 _aElectronic text
830 0 _aProject Gutenberg
_v44755
856 4 0 _uhttp://www.gutenberg.org/ebooks/44755
942 _cEB
999 _c274006
_d274006